Every Third PlacešŸ„‰ at the Eurovision Song Contest - Statistics

General Stats
  • This quiz has been taken 36 times
  • The average score is 13 of 15
Answer Stats
Hint Answer % Correct
2015 Italy
94%
2011 Sweden
94%
2014 Sweden
94%
2021 Switzerland
94%
2008 Greece
91%
2023 Israel
91%
2016 Russia
91%
2019 Russia
91%
2022 Spain
91%
2018 Austria
88%
2012 Serbia
88%
2013 Ukraine
88%
2017 Moldova
85%
2009 Azerbaijan
82%
2010 Romania
76%
No matching quizzes found
Score Distribution
Percent of People with Each Score
Percentile by Number Answered
Your Score History
You have not taken this quiz